[Event "Trieste Piccola Fenice 2nd"]
[Site "Trieste"]
[Date "2025.02.27"]
[Round "1"]
[White "Sorbera, Giovanni"]
[Black "Petriashvili, Nikoloz"]
[Result "0-1"]
[WhiteElo "2137"]
[BlackElo "2450"]
[PlyCount "100"]
[EventDate "2025.02.27"]
[EventType "swiss"]
[EventRounds "9"]
[EventCountry "ITA"]
[SourceTitle "CB10_2025"]
[SourceDate "2025.03.05"]
[SourceVersion "1"]
[SourceVersionDate "2025.03.05"]
[SourceQuality "1"]

1. e4 c5 2. b4 cxb4 3. a3 bxa3 4. d4 g6 5. Nxa3 d6 6. Bd3 Bg7 7. Ne2 Nf6 8. 0-0 0-0 9. c3 Nc6 10. f4 d5 11. e5 Ne4 12. Bxe4 dxe4 13. Nc4 b5 14. Ne3 e6 15. Ba3 Re8 16. g4 Qh4 17. Ng3 b4 18. Bxb4 Nxb4 19. cxb4 Rd8 20. Ne2 Bb7 21. Qe1 Qxe1 22. Rfxe1 Bc6 23. Ra5 Rdb8 24. Nc2 Bb5 25. Ne3 Bf8 26. Nc2 Bd3 27. Ra2 Rc8 28. Ne3 Bxb4 29. Rc1 Rxc1+ 30. Nxc1 Bc3 31. Kf2 Bxd4 32. Nxd3 exd3 33. Rd2 Bxe3+ 34. Kxe3 Rd8 35. g5 h6 36. h4 hxg5 37. hxg5 Kf8 38. Kf2 Ke7 39. Ke1 Rd4 40. Ra2 Rxf4 41. Rxa7+ Kf8 42. Kd2 Rf5 43. Ra5 Rxg5 44. Kxd3 Kg7 45. Ke4 Rf5 46. Ra7 g5 47. Rb7 Rf4+ 48. Ke3 Kg6 49. Ra7 Rf1 50. Ra8 Kf5 0-1

[Event "Palmanova op 10th"]
[Site "Palmanova"]
[Date "2021.12.05"]
[Round "4"]
[White "Perossa, Nicolas"]
[Black "Sorbera, Giovanni"]
[Result "1-0"]
[WhiteElo "2050"]
[BlackElo "2151"]
[PlyCount "81"]
[EventDate "2021.12.03"]
[EventType "swiss"]
[EventRounds "5"]
[EventCountry "ITA"]
[SourceTitle "CBM 205 Extra"]
[Source "ChessBase"]
[SourceDate "2022.01.31"]
[SourceVersion "1"]
[SourceVersionDate "2022.01.31"]
[SourceQuality "1"]

1. e4 d5 2. exd5 Qxd5 3. Nc3 Qd8 4. d4 Nf6 5. h3 e6 6. Nf3 c5 7. Be3 cxd4 8. Bb5+ Bd7 9. Qxd4 a6 10. Bxd7+ Nbxd7 11. 0-0 Bc5 12. Qd3 Bxe3 13. fxe3 Qc7 14. Rad1 0-0-0 15. Qd6 Qxd6 16. Rxd6 Nb8 17. Rxd8+ Rxd8 18. Ne5 Rf8 19. e4 Nbd7 20. Nc4 b5 21. e5 Ne8 22. Nd6+ Nxd6 23. exd6 Nf6 24. a4 b4 25. Na2 a5 26. c3 Nd5 27. c4 Nb6 28. c5 Nxa4 29. b3 Nb2 30. Kf2 Kd7 31. Ke3 a4 32. Nxb4 axb3 33. Ra1 e5 34. Ra7+ Ke6 35. Re7+ Kf5 36. g4+ Kg6 37. Nd5 Na4 38. c6 Nb6 39. Rxe5 Nc4+ 40. Kf4 Nxd6 41. Ne7+ 1-0

[Event "Palmanova op 10th"]
[Site "Palmanova"]
[Date "2021.12.03"]
[Round "1"]
[White "Sorbera, Giovanni"]
[Black "Savanovic, Aleksandar"]
[Result "1/2-1/2"]
[WhiteElo "2151"]
[BlackElo "2394"]
[PlyCount "100"]
[EventDate "2021.12.03"]
[EventType "swiss"]
[EventRounds "5"]
[EventCountry "ITA"]
[SourceTitle "CBM 205 Extra"]
[Source "ChessBase"]
[SourceDate "2022.01.31"]
[SourceVersion "1"]
[SourceVersionDate "2022.01.31"]
[SourceQuality "1"]

1. e4 Nf6 2. e5 Nd5 3. Nc3 Nxc3 4. dxc3 d6 5. Nf3 dxe5 6. Qe2 f6 7. Bh6 e6 8. Rd1 Qe7 9. Be3 Nc6 10. g3 g6 11. Bg2 Bg7 12. Qc4 Bd7 13. b4 0-0-0 14. Nd2 f5 15. b5 Na5 16. Qb4 Qxb4 17. cxb4 Bxb5 18. bxa5 e4 19. Bf1 Ba4 20. Nb3 Bc3+ 21. Bd2 Rxd2 22. Nxd2 Rd8 23. Bc4 Bxc2 24. Ke2 e5 25. Nb3 Bxd1+ 26. Rxd1 Bd4 27. Be6+ Kb8 28. f3 exf3+ 29. Kxf3 b6 30. a4 c5 31. axb6 axb6 32. a5 Kc7 33. axb6+ Kxb6 34. Rb1 Kc7 35. Na5 Ra8 36. Rb7+ Kd6 37. Rb6+ Ke7 38. Nc6+ Kxe6 39. Nxd4+ Kd5 40. Ne2 Ra3+ 41. Kf2 g5 42. Rb7 f4 43. gxf4 gxf4 44. Rxh7 Ra2 45. Rd7+ Ke4 46. Rf7 c4 47. h4 Kd3 48. Rd7+ Ke4 49. Rf7 Kd3 50. Rd7+ Ke4 1/2-1/2

[Event "Treviso Lega Master op 2nd"]
[Site "Treviso"]
[Date "2018.03.03"]
[Round "2"]
[White "Sorbera, Giovanni"]
[Black "Rombaldoni, Denis"]
[Result "0-1"]
[WhiteElo "2208"]
[BlackElo "2481"]
[PlyCount "59"]
[EventDate "2018.03.02"]
[EventType "swiss"]
[EventRounds "5"]
[EventCountry "ITA"]
[SourceTitle "EXT 2022"]
[Source "ChessBase"]
[SourceDate "2021.10.06"]
[SourceVersion "1"]
[SourceVersionDate "2021.10.06"]
[SourceQuality "1"]

1. e4 c6 2. d4 d5 3. e5 Bf5 4. h4 h6 5. g4 Bd7 6. c3 c5 7. f3 e6 8. Kf2 Nc6 9. Ne2 h5 10. Kg3 hxg4 11. fxg4 Qc7 12. Bg2 f6 13. Bf4 fxe5 14. dxe5 Nge7 15. h5 Nxe5 16. Nd4 g5 17. hxg6 Rxh1 18. Qxh1 N7xg6 19. Qh5 0-0-0 20. Qxg6 Nxg6 21. Bxc7 Kxc7 22. Ne2 Bd6+ 23. Kf2 Ne5 24. Bh3 Rh8 25. Ng1 c4 26. Nd2 Nd3+ 27. Kf1 Rf8+ 28. Ndf3 e5 29. Ke2 Nf4+ 30. Kd2 0-1

[Event "Trieste op 18th"]
[Site "Trieste"]
[Date "2016.09.06"]
[Round "5"]
[White "Loiacono, Antonio"]
[Black "Sorbera, Giovanni"]
[Result "1/2-1/2"]
[WhiteElo "2085"]
[BlackElo "2234"]
[PlyCount "137"]
[EventDate "2016.09.03"]
[EventType "swiss"]
[EventRounds "9"]
[EventCountry "ITA"]
[SourceTitle "CBM 174 Extra"]
[Source "ChessBase"]
[SourceDate "2016.10.10"]
[SourceVersion "1"]
[SourceVersionDate "2016.10.10"]
[SourceQuality "1"]

1. e4 e5 2. Nf3 Nc6 3. Nc3 Nf6 4. Bb5 d6 5. d4 exd4 6. Nxd4 Bd7 7. Bxc6 bxc6 8. Qf3 c5 9. Nf5 Bxf5 10. Qxf5 Qd7 11. Qxd7+ Kxd7 12. f3 Kc6 13. b3 h5 14. Bb2 h4 15. Kf2 Be7 16. Rad1 h3 17. g3 Rh5 18. Rhe1 Nd7 19. Nd5 Bf8 20. Re2 Nb6 21. Nf4 Rh7 22. a4 g5 23. Nd5 Nd7 24. Nf6 Nxf6 25. Bxf6 g4 26. fxg4 Bg7 27. Bxg7 Rxg7 28. Kf3 Rag8 29. Rd5 Rxg4 30. Rh5 R4g6 31. Rxh3 Rf6+ 32. Kg2 Re8 33. Rh4 a5 34. Rh5 Rfe6 35. Kf3 Kd7 36. Rd5 Ke7 37. h4 Kf8 38. g4 Kg7 39. Rg5+ Rg6 40. Rf5 Rge6 41. Kf4 c6 42. g5 Rh8 43. Kg4 Rhe8 44. Kf3 Kg6 45. Kf4 d5 46. e5 Rb8 47. Kg4 Rb4+ 48. Rf4 c4 49. bxc4 Rxa4 50. h5+ Kg7 51. cxd5 Rxf4+ 52. Kxf4 cxd5 53. Rd2 Rc6 54. Rxd5 Rxc2 55. Rxa5 Rf2+ 56. Kg3 Re2 57. Rc5 Re1 58. Kf4 Rf1+ 59. Ke4 Re1+ 60. Kd5 Rd1+ 61. Kc6 Kf8 62. Rc2 Re1 63. Kd5 Rd1+ 64. Ke4 Re1+ 65. Kf3 Rxe5 66. Kf4 Re1 67. Rc5 Rf1+ 68. Ke5 Kg7 69. Ke4 1/2-1/2

[Event "ITA-ch sf 76th"]
[Site "Civitanova Marche"]
[Date "2016.07.14"]
[Round "6"]
[White "Basso, Pier Luigi"]
[Black "Sorbera, Giovanni"]
[Result "1-0"]
[WhiteElo "2459"]
[BlackElo "2186"]
[PlyCount "115"]
[EventDate "2016.07.09"]
[EventType "swiss"]
[EventRounds "9"]
[EventCountry "ITA"]
[SourceTitle "CBM 173 Extra"]
[Source "ChessBase"]
[SourceDate "2016.08.29"]
[SourceVersion "1"]
[SourceVersionDate "2016.08.29"]
[SourceQuality "1"]

1. d4 Nf6 2. Nf3 g6 3. g3 Bg7 4. Bg2 0-0 5. 0-0 d5 6. c4 dxc4 7. Na3 c3 8. bxc3 Nbd7 9. Re1 Ne4 10. Qc2 Nd6 11. e4 e5 12. Bg5 Qe8 13. Rad1 b5 14. dxe5 Nxe5 15. Nxe5 Qxe5 16. Bf4 Qxc3 17. Qxc3 Bxc3 18. Re3 Bg4 19. f3 Be6 20. Rxc3 b4 21. Rxc7 Ne8 22. Nb5 Nxc7 23. Nxc7 Rad8 24. Nd5 Kg7 25. Be3 Rd7 26. Bd4+ Kh6 27. g4 Bxd5 28. exd5 g5 29. Rc1 f6 30. Rc6 Kg6 31. f4 gxf4 32. h4 h6 33. Be4+ Kg7 34. g5 hxg5 35. hxg5 Kg8 36. Bxf6 Re8 37. Bf5 Rxd5 38. Be6+ Rxe6 39. Rxe6 Kf7 40. Re4 a5 41. Rxf4 Kg6 42. Rf2 Rd3 43. Kf1 Re3 44. Rc2 Ra3 45. Ke1 Rg3 46. Kd1 Kf7 47. Kc1 Ke6 48. Rc5 Rg1+ 49. Kb2 a4 50. Re5+ Kd6 51. Re4 Rg2+ 52. Kc1 Rg1+ 53. Kd2 Rg2+ 54. Kd3 Kc5 55. Be7+ Kd5 56. Rxb4 Rxa2 57. Rg4 Rh2 58. g6 1-0

[Event "Padova op-A 18th"]
[Site "Padova"]
[Date "2015.12.19"]
[Round "8.17"]
[White "Sorbera, Giovanni"]
[Black "Lodici, Lorenzo"]
[Result "0-1"]
[WhiteElo "2191"]
[BlackElo "2347"]
[PlyCount "60"]
[EventDate "2015.12.13"]
[EventType "swiss"]
[EventRounds "9"]
[EventCountry "ITA"]
[SourceTitle "EXT 2024"]
[Source "ChessBase"]
[SourceDate "2023.10.10"]
[SourceVersion "1"]
[SourceVersionDate "2023.10.10"]
[SourceQuality "1"]

1. e4 d5 2. exd5 Nf6 3. Bb5+ Nbd7 4. Nc3 a6 5. Be2 g6 6. d4 Bg7 7. Bf3 Nb6 8. Bf4 0-0 9. Be5 Nc4 10. Qe2 Nxe5 11. Qxe5 b5 12. h4 Bb7 13. h5 Nxh5 14. Qg5 b4 15. Nce2 h6 16. Qd2 Nf6 17. Rxh6 Nxd5 18. Rh1 e6 19. Nh3 c5 20. Ng5 cxd4 21. Nxd4 Qf6 22. 0-0-0 Rfd8 23. Ne4 Qe7 24. g4 e5 25. Nf5 gxf5 26. gxf5 Nc3 27. f6 Rxd2 28. fxe7 Rxd1+ 29. Bxd1 Nxe4 30. Bf3 Re8 0-1

[Event "Padova op-A 18th"]
[Site "Padova"]
[Date "2015.12.17"]
[Round "6.15"]
[White "Vovk, Yuri"]
[Black "Sorbera, Giovanni"]
[Result "1-0"]
[WhiteElo "2626"]
[BlackElo "2191"]
[PlyCount "57"]
[EventDate "2015.12.13"]
[EventType "swiss"]
[EventRounds "9"]
[EventCountry "ITA"]
[SourceTitle "EXT 2024"]
[Source "ChessBase"]
[SourceDate "2023.10.10"]
[SourceVersion "1"]
[SourceVersionDate "2023.10.10"]
[SourceQuality "1"]

1. e4 e5 2. Nf3 Nc6 3. Bb5 Nf6 4. d3 d6 5. c3 g6 6. 0-0 Bg7 7. Re1 0-0 8. Nbd2 a6 9. Ba4 Nh5 10. Nf1 b5 11. Bc2 Bb7 12. Ng3 Nxg3 13. hxg3 d5 14. Bg5 Qd7 15. exd5 Qxd5 16. d4 exd4 17. Be4 Qd7 18. Nxd4 Na5 19. Bxb7 Nxb7 20. Qf3 Na5 21. Rad1 Qc8 22. b4 c5 23. bxc5 Qxc5 24. Be7 Qc4 25. Bb4 Qc7 26. Re7 Qb6 27. Ne6 Nc6 28. Nxf8 Rxf8 29. Rd6 1-0

[Event "Padova op-A 18th"]
[Site "Padova"]
[Date "2015.12.15"]
[Round "3.15"]
[White "Enchev, Ivajlo"]
[Black "Sorbera, Giovanni"]
[Result "1-0"]
[WhiteElo "2452"]
[BlackElo "2191"]
[PlyCount "69"]
[EventDate "2015.12.13"]
[EventType "swiss"]
[EventRounds "9"]
[EventCountry "ITA"]
[SourceTitle "EXT 2024"]
[Source "ChessBase"]
[SourceDate "2023.10.10"]
[SourceVersion "1"]
[SourceVersionDate "2023.10.10"]
[SourceQuality "1"]

1. Nf3 d5 2. d4 c6 3. Bf4 Nf6 4. e3 g6 5. c4 Bg7 6. Nc3 0-0 7. h3 dxc4 8. Bxc4 b5 9. Bb3 b4 10. Na4 Ba6 11. Qd2 Nd5 12. Bh2 Nd7 13. Rc1 N7b6 14. Nc5 Bb5 15. e4 Nf6 16. Qxb4 a5 17. Qd2 a4 18. Bc2 Nc4 19. Qc3 Bh6 20. Rb1 a3 21. 0-0 Nxb2 22. Rfe1 Nd7 23. Nxd7 Qxd7 24. Ne5 Qa7 25. Qb3 Rad8 26. Qf3 e6 27. Ng4 Bg7 28. Be5 Qe7 29. Bxg7 Kxg7 30. Qe3 h5 31. Ne5 Qa7 32. Nf3 e5 33. Nxe5 Qxd4 34. Qg5 Nc4 35. Nd3 1-0

[Event "Padova op-A 18th"]
[Site "Padova"]
[Date "2015.12.15"]
[Round "4.27"]
[White "Sorbera, Giovanni"]
[Black "Loiacono, Antonio"]
[Result "1-0"]
[WhiteElo "2191"]
[BlackElo "2010"]
[PlyCount "125"]
[EventDate "2015.12.13"]
[EventType "swiss"]
[EventRounds "9"]
[EventCountry "ITA"]
[SourceTitle "EXT 2024"]
[Source "ChessBase"]
[SourceDate "2023.10.10"]
[SourceVersion "1"]
[SourceVersionDate "2023.10.10"]
[SourceQuality "1"]

1. d4 Nf6 2. c4 g6 3. Nc3 Bg7 4. e4 d6 5. Be2 0-0 6. Nf3 e5 7. 0-0 Nc6 8. d5 Ne7 9. b4 Nd7 10. Ba3 a5 11. bxa5 Rxa5 12. Bb4 Ra8 13. Nb5 b6 14. a4 Ba6 15. a5 Bxb5 16. cxb5 bxa5 17. Rxa5 Rxa5 18. Bxa5 Nc5 19. Qc2 Bh6 20. Nxe5 f5 21. Nc6 Nxc6 22. dxc6 Nxe4 23. b6 cxb6 24. c7 Qd7 25. Bxb6 Nc5 26. Bc4+ Kh8 27. Qd1 Ne6 28. Qa1+ Bg7 29. Qa7 Rc8 30. Ba6 Rxc7 31. Qb8+ Bf8 32. Bxc7 Qxc7 33. Qe8 Qe7 34. Qa8 Nc7 35. Qc6 Nxa6 36. Qxa6 h6 37. Rb1 Bg7 38. Qc4 Kh7 39. h3 h5 40. Qc6 Qe5 41. Rd1 Bf8 42. Qd7+ Qg7 43. Qc8 Qe7 44. Rb1 Bg7 45. Qc4 Qe5 46. Rd1 Qe7 47. Kf1 Qf6 48. Qc7 Kh6 49. Qxd6 Qxd6 50. Rxd6 h4 51. Ke2 Be5 52. Re6 Bc7 53. Kd3 Kg5 54. Kd4 Bb8 55. Ra6 Kh5 56. Kd5 g5 57. Rf6 f4 58. Ke6 Ba7 59. Kf5 Bxf2 60. Rg6 Be3 61. Rxg5+ Kh6 62. Rg4 Kh5 63. Rxf4 1-0

[Event "Mestre Cipressina op-A 4th"]
[Site "Mestre"]
[Date "2015.11.29"]
[Round "5"]
[White "Solomon, Kenny"]
[Black "Sorbera, Giovanni"]
[Result "0-1"]
[WhiteElo "2388"]
[BlackElo "2176"]
[PlyCount "66"]
[EventDate "2015.11.27"]
[EventType "swiss"]
[EventRounds "5"]
[EventCountry "ITA"]
[SourceTitle "EXT 2022"]
[Source "ChessBase"]
[SourceDate "2021.10.06"]
[SourceVersion "1"]
[SourceVersionDate "2021.10.06"]
[SourceQuality "1"]

1. d4 d5 2. Nf3 Nf6 3. c4 c6 4. e3 e6 5. b3 Bb4+ 6. Bd2 Bd6 7. Bd3 Nbd7 8. Nc3 0-0 9. Qc2 a6 10. cxd5 exd5 11. 0-0 Re8 12. Rfe1 Nf8 13. e4 dxe4 14. Nxe4 Nxe4 15. Bxe4 a5 16. Bc3 Be6 17. Ne5 Bd5 18. Rad1 Bc7 19. Bf5 Qd6 20. g3 b5 21. Bd2 a4 22. Bf4 Qa3 23. Rb1 f6 24. Nxc6 Bxf4 25. gxf4 Qd6 26. Be4 Rxe4 27. Rxe4 Bxc6 28. Re3 Qd5 29. Kf1 Ne6 30. f3 Nxd4 31. Qd3 axb3 32. axb3 b4 33. Qe4 Bb5+ 0-1

[Event "Venice Autumn op 22nd"]
[Site "Venice"]
[Date "2015.11.01"]
[Round "4"]
[White "Sorbera, Giovanni"]
[Black "Hresc, Vladimir"]
[Result "1-0"]
[WhiteElo "2163"]
[BlackElo "2382"]
[PlyCount "99"]
[EventDate "2015.10.30"]
[EventType "swiss"]
[EventRounds "5"]
[EventCountry "ITA"]
[SourceTitle "CBM 169 Extra"]
[Source "ChessBase"]
[SourceDate "2015.12.18"]
[SourceVersion "1"]
[SourceVersionDate "2015.12.18"]
[SourceQuality "1"]

1. b3 e5 2. Bb2 d6 3. e3 Nf6 4. d4 exd4 5. Qxd4 Nc6 6. Bb5 Bd7 7. Bxc6 Bxc6 8. Nf3 Qd7 9. Nbd2 Be7 10. Rg1 b6 11. g4 0-0-0 12. g5 Ne8 13. a4 Qf5 14. Nh4 Qe6 15. 0-0-0 h6 16. g6 f5 17. Ng2 Bf6 18. Nf4 Qe5 19. Nf1 Bf3 20. Qxe5 Bxe5 21. Bxe5 Bxd1 22. Bxg7 Nxg7 23. Kxd1 Kd7 24. Ng3 h5 25. h4 c6 26. Nge2 Ke7 27. Rg5 Rdg8 28. Ng3 Ne6 29. Nxf5+ Kd7 30. Nxe6 Kxe6 31. g7 Rh7 32. e4 d5 33. f3 dxe4 34. fxe4 c5 35. Ke2 Kf6 36. Ke3 Kf7 37. Kf4 Kf6 38. Rg1 Kf7 39. Ke5 Rd8 40. Rg3 a6 41. Rg2 b5 42. axb5 axb5 43. c4 bxc4 44. bxc4 Re8+ 45. Kd6 Rc8 46. e5 Re8 47. Kd7 Ra8 48. e6+ Kf6 49. e7 Kxf5 50. e8Q 1-0

[Event "Venice Autumn op 22nd"]
[Site "Venice"]
[Date "2015.10.31"]
[Round "3"]
[White "Barp, Alberto"]
[Black "Sorbera, Giovanni"]
[Result "0-1"]
[WhiteElo "2217"]
[BlackElo "2163"]
[PlyCount "62"]
[EventDate "2015.10.30"]
[EventType "swiss"]
[EventRounds "5"]
[EventCountry "ITA"]
[SourceTitle "CBM 169 Extra"]
[Source "ChessBase"]
[SourceDate "2015.12.18"]
[SourceVersion "1"]
[SourceVersionDate "2015.12.18"]
[SourceQuality "1"]

1. d4 Nf6 2. c4 g6 3. Nc3 d5 4. Nf3 Bg7 5. Bf4 0-0 6. e3 c5 7. dxc5 Qa5 8. Rc1 dxc4 9. Bxc4 Qxc5 10. Bb3 Nc6 11. 0-0 Qa5 12. h3 Rd8 13. Qe2 Bd7 14. Rfd1 Be8 15. e4 Rxd1+ 16. Rxd1 Qb4 17. Bd2 Nd4 18. Nxd4 Qxd4 19. Be3 Qe5 20. f4 Qh5 21. Qd3 Bc6 22. e5 Ne8 23. Bd5 g5 24. Bxc6 bxc6 25. Qd7 gxf4 26. Qxc6 fxe3 27. g4 Qxh3 28. Qxa8 Bxe5 29. Qg2 Qh6 30. Rd8 Kf8 31. Rd5 f6 0-1

[Event "Trieste op 17th"]
[Site "Trieste"]
[Date "2015.08.29"]
[Round "1"]
[White "Sorbera, Giovanni"]
[Black "David, Alberto"]
[Result "0-1"]
[WhiteElo "2177"]
[BlackElo "2584"]
[PlyCount "78"]
[EventDate "2015.08.29"]
[EventType "swiss"]
[EventRounds "9"]
[EventCountry "ITA"]
[SourceTitle "EXT 2016"]
[Source "ChessBase"]
[SourceDate "2015.10.08"]
[SourceVersion "1"]
[SourceVersionDate "2015.10.08"]
[SourceQuality "1"]

1. c4 Nf6 2. Nc3 e5 3. g3 Bb4 4. Bg2 0-0 5. e4 Bxc3 6. bxc3 Re8 7. Ne2 c6 8. Qb3 Na6 9. Ba3 d6 10. 0-0 Be6 11. d4 b5 12. d5 Bg4 13. cxb5 Bxe2 14. Rfe1 Bxb5 15. c4 Rb8 16. cxb5 cxb5 17. Bb4 Nxb4 18. Qxb4 a5 19. Qd2 Nd7 20. f4 Qb6+ 21. Kh1 b4 22. Rac1 Nc5 23. Rcd1 a4 24. f5 f6 25. g4 h6 26. h4 b3 27. axb3 axb3 28. Re3 Kf7 29. Bf3 Rec8 30. Rb1 Qb4 31. Qb2 Na4 32. Qg2 b2 33. Kg1 Nc3 34. Rbe1 b1Q 35. g5 hxg5 36. Bh5+ Kf8 37. hxg5 fxg5 38. Qxg5 Nxe4 39. Qh4 Nf6 0-1